000 01279nam0a22002891 4500
001 rc\3270918
005 20130115144153.9
021 _aRU
_b73-ОЭ-3580/28
021 _aRU
_bРг11367-73
035 _a(NLR Aleph) 007392552
090 _a6626274
_c6626274
100 _a20130115d1972 |||y0rusy50 ca
101 0 _arus
102 _aRU
105 _ay z |||||
200 1 _aСборник задач по курсу "Экономика связи" для студентов специальностей 0702, 0708 ["автоматическая и многоканальная электросвязь"]
_fМ-во высш. и сред. спец. образ. ЛССР. Риж. политехн. ин-т
210 _aРига
_cБ. и.
_d1972
215 _a24 с.
_d20
300 _aНа обл. авт. не указаны
532 1 3 _aСборник задач по курсу Экономика связи для студентов специальностей 0702, 0708 ["автоматическая и многоканальная электросвязь"]
700 1 _aЗабродская
_bЗ. С.
701 1 _aСинявска
_bИ. М.
801 0 _aRU
_bNLR
_gpsbo
801 1 _aRU
_bELAR
_2rusmarc
852 _aNLR
_j73-4/20992
942 _cBOOK
980 _aNB